Třeboň : městská památková rezervace /

Hlavní autor: Matouš, František, 1895-1969
Další autoři: Hepner, Jiří, Suttner, Jiří, Hyhlík, Vladimír, 1925-2011
Jazyk: Čeština
Vydáno: České Budějovice : Krajské středisko státní památkové péče, 1969
Témata:
Fyzický popis: [27] s. ; il. ; 12°
Knihy
Uloženo v:
LEADER 01392nam a22003372a 4500
001 000542088
003 CZ BrMZK
005 20180215134604.0
007 ta
008 010907 1969 xr a f cze d
015 |a cnb000495335 
035 |a (OCoLC)42104996 
040 |a ABA001  |b cze  |c ULG001  |d ABA001  |d BOA001 
043 |a e-xr---  |b e-xr-jc  |2 czenas 
072 7 |a 908(437)  |x Vlastivěda Česka a Slovenska  |2 Konspekt  |9 8 
080 |a 908(437.319)  |2 MRF 
080 |a (036)  |2 MRF 
100 1 |a Matouš, František,  |d 1895-1969  |7 jk01080756  |4 aut 
245 1 0 |a Třeboň :  |b městská památková rezervace /  |c František Matouš ; snímky Jiří Hepner, Jiří Suttner, Vladimír Hyhlík 
260 |a České Budějovice :  |b Krajské středisko státní památkové péče,  |c 1969 
300 |a [27] s. ;  |b il. ;  |c 12° 
651 7 |a Třeboň (Česko)  |7 ge131179  |x vlastivěda  |2 czenas 
655 7 |a informační publikace  |7 fd132454  |2 czenas 
700 1 |a Hepner, Jiří  |7 jx20100302011  |4 pht 
700 1 |a Suttner, Jiří  |7 jo2005273951  |4 pht 
700 1 |a Hyhlík, Vladimír,  |d 1925-2011  |7 jk01043403  |4 pht 
910 |a BOA001  |b X-0647.793  |b PK-A-0012.970 
920 |a 000166753 
990 |a BK 
996 6 |b 2619721574  |c X-0647.793  |l MZK  |r Sklad / do 24 hodin  |n 7  |w 000542088  |u 000010  |a 1  |e BOA001  |j MZK50  |s P 
996 7 |b 3119943935  |c PK-A-0012.970  |l MZK  |r Sklad / do 1 hodiny  |n 3  |w 000542088  |u 000020  |a 1  |e BOA001  |j MZK50  |s A